000 01433nam a2200373 a 4500
001 ebr10537626
003 CaPaEBR
006 m u
007 cr cn|||||||||
008 720707s1970 wiua sb 001 0 eng d
010 _z 71121769
020 _z0299058514
020 _z9780299058548 (pbk. : alk. paper)
020 _z9780299058531 (e-book)
040 _aCaPaEBR
_cCaPaEBR
035 _a(OCoLC)787844291
043 _an-us---
050 1 4 _aJV517
_b.H43 1970eb
082 0 4 _a321/.03/0973
_218
100 1 _aHealy, David J.
245 1 0 _aU.S. expansionism
_h[electronic resource] :
_bthe imperialist urge in the 1890s /
_cDavid Healy.
260 _aMadison ;
_aLondon :
_bUniversity of Wisconsin Press,
_cc1970.
300 _aix, 315 p. :
_bill.
500 _aIncludes index.
504 _aBibliography p. 291-308.
505 0 _apt. 1. The setting -- pt. 2. The matrices -- pt. 3. The issues.
533 _aElectronic reproduction.
_bPalo Alto, Calif. :
_cebrary,
_d2013.
_nAvailable via World Wide Web.
_nAccess may be limited to ebrary affiliated libraries.
650 0 _aImperialism.
651 0 _aUnited States
_xForeign relations
_y1865-1921.
651 0 _aUnited States
_xColonial question.
655 7 _aElectronic books.
_2local
710 2 _aebrary, Inc.
856 4 0 _uhttp://site.ebrary.com/lib/rucke/Doc?id=10537626
_zAn electronic book accessible through the World Wide Web; click to view
999 _c245108
_d245108